000 00643nam a2200217Ia 4500
008 220216s9999 xx 000 0 und d
100 _aSenevirathna A M Q K
245 0 _aCan tapping panel dryness of rubber (Hevea brasiliensis) be minimised at field level with better management ?
260 _bJournal of the Rubber Research Institute of Sri Lanka
_c2007
300 _a77-87
520 _aDL
650 _aFull dry
650 _aPartial dry
650 _aPhysical factors
650 _aTapping panel dryness
650 _aTPD
700 _aPerera S A P S
700 _aWijesinghe A K H S
700 _aWilbert S
942 _cJS
999 _c55072
_d55072